Normal view
MARC view
Entry Geographic Name
001 - CONTROL NUMBER
- control field: 22835
003 - CONTROL NUMBER IDENTIFIER
- control field: ARRUPE
005 - DATE AND TIME OF LATEST TRANSACTION
- control field: 20160309082513.0
008 - FIXED-LENGTH DATA ELEMENTS
- fixed length control field: 160309|| aca||aabn | a|a d
040 ## - CATALOGING SOURCE
- Original cataloging agency: ARRUPE
- Transcribing agency: ARRUPE
151 ## - HEADING--GEOGRAPHIC NAME
- Geographic name: Zimbabwe
- General subdivision: Politics and government.
670 ## - SOURCE DATA FOUND
- Source citation: Work cat.: (ARRUPE)0: Msipa, Cephas G., author. 22828, In pursuit of freedom and justice :, 2015